000
00300nam a2200121Ia 4500
008
190216s9999||||xx |||||||||||||| ||und||
100
_a
Barakat Ahmad Rajeke
245
0
_a
Ahmadiyya Movement In India
260
_b
Mirza Wasim Ahmad
_c
1963
300
_a
54p
650
_a
Islam In India
942
_c
BK
999
_c
21925
_d
21925